Derecho procesal civil (Registro nro. 8512)

Detalles MARC
000 -CABECERA
Longitud fija campo de control 00950cam a2200265u 4500
001 - NÚMERO DE CONTROL
Número de control 5991850
003 - IDENTIFICADOR DELl NÚMERO DE CONTROL
Identificador del número de control OSt
005 - FECHA Y HORA DE LA ÚLTIMA TRANSACCIÓN
Fecha y hora de la última transacción 20140715213004.0
008 - CÓDIGOS DE INFORMACIÓN DE LONGITUD FIJA
Códigos de información de longitud fija 850925s1962 arg spa
040 ## - FUENTE DE LA CATALOGACIÓN
Centro catalogador de origen DLC
Centro transcriptor BMC
Centro modificado DLC
082 ## - NÚMERO DE LA CLASIFICACIÓN DECIMAL DEWEY
Númeroo de clasificación 340.56
082 ## - NÚMERO DE LA CLASIFICACIÓN DECIMAL DEWEY
Númeroo de clasificación 347.05
100 1# - PUNTO DE ACCESO PRINCIPAL-NOMBRE DE PERSONA
9 (RLIN) 15480
Nombre de persona Calamandrei, Piero
Fechas asociadas al nombre 1889-1956
245 10 - MENCIÓN DE TÍTULO
Título Derecho procesal civil
Resto del título : según el nuevo Código
Mención de responsabilidad, etc. Piero Calamandrei ; traducción por Santiago Sentís Melendo
260 ## - PUBLICACIÓN, DISTRIBUCIÓN, ETC. (PIE DE IMPRENTA)
Lugar de publicación, distribución, etc. Buenos Aires
Nombre del editor, distribuidor, etc. Ediciones Jurídicas Europa-América
Fecha de publicación, distribución, etc. 1962
300 ## - DESCRIPCIÓN FÍSICA
Extensión 3 v.
Dimensiones 24 cm
490 ## - MENCIÓN DE SERIE
Mención de serie Ciencia del proceso
Designación de volumen o secuencia 40, 41, 42
505 ## - NOTA DE CONTENIDO CON FORMATO
Nota de contenido con formato Contiene: v. I y II: Instituciones de derecho procesal civil ; v. III: Estudios de derecho procesal civil
594 ## - NOTA AL TÍTULO Y MENCIÓN DE RESPONSABIBLIDAD
Nota Al Título Y Mención De Responsabilidad En la port. del Vol. I: Prólogo de Hugo Alsina
650 24 - PUNTO DE ACCESO ADICIONAL DE MATERIA - TÉRMINO DE MATERIA
Término de materia o nombre geográfico como elemento inicial Derecho civil
9 (RLIN) 6409
650 24 - PUNTO DE ACCESO ADICIONAL DE MATERIA - TÉRMINO DE MATERIA
Término de materia o nombre geográfico como elemento inicial Procedimiento civil
9 (RLIN) 6629
700 1# - PUNTO DE ACCESO ADICIONAL - NOMBRE DE PERSONA
Nombre de persona Sentís Melendo, Santiago
9 (RLIN) 6651
700 1# - PUNTO DE ACCESO ADICIONAL - NOMBRE DE PERSONA
9 (RLIN) 16274
Nombre de persona Alsina, Hugo
942 ## - ENTRADA DE ELEMENTOS AGREGADOS (KOHA)
Fuente de clasificaión o esquema Dewey Decimal Classification
Koha [por defecto] tipo de item 1- Monografias
Existencias
Suprimido Perdido Fuente de clasificación o esquema Estropeado Restricciones de uso No para préstamo Código de colección Localización permanente Localización actual Localización en estanter&íacute;as Fecha adquisición Fuente de adquisición Número de inventario Préstamos totales Signatura completa Código de barras Fecha última consulta Fecha último préstamo Coste, precio reemplazado Fecha del precio de reemplazo Tipo de item de Koha Renovaciones totales
NULL NULL Dewey Decimal Classification NULL Prestable NULL NULL Biblioteca Miguel de Cervantes - UNICAES Biblioteca Miguel de Cervantes - UNICAES Sala Principal 08/06/2007 Donación - Ana Vilma de Escobar 013647 3 340.56 CAL der (v. 1) 1013647 29/05/2026 29/05/2026 30.00 27/03/2014 1- Monografias  
NULL NULL Dewey Decimal Classification NULL Prestable NULL NULL Biblioteca Miguel de Cervantes - UNICAES Biblioteca Miguel de Cervantes - UNICAES Sala Principal 08/06/2007 Donación - Ana Vilma de Escobar 013648   340.56 CAL der (v. 2) 1013648 27/03/2014   30.00 27/03/2014 1- Monografias  
NULL NULL Dewey Decimal Classification NULL Prestable NULL NULL Biblioteca Miguel de Cervantes - UNICAES Biblioteca Miguel de Cervantes - UNICAES Sala Principal 08/06/2007 Donación - Ana Vilma de Escobar 013649 1 340.56 CAL der (v. 3) 1013649 20/04/2026 16/04/2026 30.00 27/03/2014 1- Monografias 1